Juhász Gyula huszonöt éve

Elmentve itt :
Bibliográfiai részletek
Szerző: Pór Tibor
Dokumentumtípus: Cikk
Megjelent: 1923-05-17
Sorozat:Délmagyarország 4 No. 110
Kulcsszavak:Juhász Gyula, Irodalmi élet Szeged 1923
Online Access:http://dmarchiv.bibl.u-szeged.hu/45238
LEADER 00468nab a2200157 i 4500
001 delm45238
005 20180927131922.0
008 180927s1923 hu o 0|| hun d
040 |a SZTE Délmagyarország Archívum  |b hun 
041 |a hun 
100 1 |a Pór Tibor 
245 1 0 |a Juhász Gyula huszonöt éve  |h [elektronikus dokumentum] /  |c  Pór Tibor 
260 |c 1923-05-17 
300 |a 3-4 
490 0 |a Délmagyarország  |v 4 No. 110 
695 |a Juhász Gyula, Irodalmi élet Szeged 1923